Statystyki dla Morza na mapie świata.

Kliknij tutaj aby rozwiązać quiz!

Ogólne statystyki

  • Ten quiz został rozwiązany 76 razy
  • Średni wynik to 11 z 15

Odpowiedzi na mapie

Odpowiedzi skodowane kolorowo w zielono-czerwonej skali na mapie do tego quizu, zgodnie z poniższymi procentami.
 

Statystyki odpowiedzi

MORZE% Poprawnych
Morze Bałtyckie
100%
Morze Czarne
98%
Morze Czerwone
94%
Morze Śródziemne
92%
Morze Karaibskie
88%
Morze Północne
86%
Morze Adriatyckie
74%
Morze Kaspijskie
72%
Morze Japońskie
64%
Morze Arabskie
62%
Morze Egejskie
56%
Morze Południowochińskie
50%
Morze Beringa
46%
Morze Wschodniochińskie
44%
Morze Tasmana
30%

Rozkład punktacji

Percentyl według liczby udzielonych odpowiedzi

Procent ludzi z każdym wynikiem

Twoja historia wyników

Nie rozwiązałeś tego quizu